Normal view
MARC view
- تاليف الزعبي، خالد، م.مشارك منذر الفضل
Entry Personal Name
001 - CONTROL NUMBER
- control field: 6895
003 - CONTROL NUMBER IDENTIFIER
- control field: JO-AjAnu
005 - DATE AND TIME OF LATEST TRANSACTION
- control field: 20230606071422.0
008 - FIXED-LENGTH DATA ELEMENTS
- fixed length control field: 230606|| aca||aabn | a|a d
040 ## - CATALOGING SOURCE
- Original cataloging agency: JO-AjAnu
- Transcribing agency: JO-AjAnu
100 ## - HEADING--PERSONAL NAME
- Personal name: تاليف الزعبي، خالد، م.مشارك منذر الفضل
670 ## - SOURCE DATA FOUND
- Source citation: Work cat.: (JO-AjAnu)3572: تاليف الزعبي، خالد، م.مشارك منذر الفضل, author, المدخل الى علم القانون = Introduction to the Science of Law Comparative Study